000 00626nam a2200241Ia 4500
001 9862
005 20240113234233.0
007 ta
008 080101s1920 ii a g b000 u 491 u
040 _aCotton College,Assam
041 _a491
082 _a891.224
_bK 124 Ab
100 _aKale, M.R. .
245 0 _aAbhijanana Sakuntalam /
_cM.R. Kale.
_hTextual Documents
250 _a1st ed. /
260 _aBombay :
_bGopal Nareyen ,
_c1920.
300 _axliv,203p. :
_bill. ;
_c22cm .
653 _aSanskrit literature
653 _aMS-Sanskrit
942 _2ddc
_cBK
999 _c9849
_d9849